00971nam a22002537a 4500003000500000005001700005008004100022010001100063011001100074035001100085040000900096100003400105245016500139260004000304500006000344502010900404650002900513650003200542650001400574650003100588650001800619856006400637856001600701CHAP20220817044429.0110325d2011 mx r 00010 spa d a100752 a101724 a112412 cCHAP00aBecerra Córdova, Guillermo.10aSistemas de simulación de fenomenos físicos y sistemas multimedia para la educación presencial y a distanciah[En línea]c/por Guillermo Becerra Cordova aChapingo, Méx. :bEl autor,c2011 aPara ver el contenido del material haga clic en la liga aTesis (Ph.D. en Ciencias en Educación Agrícola Superior) -- UACH. Departamento de Sociología Rural14aEducación a distancia.14aEducación media superior.14aINTERNET.14aMultimedia en educación.14aSimulación. 3Finding aiduhttp://10.13.5.2/tesis/112412.pdfzTeclea aqui a1 n0000867